[Event "MGL-ch 58th"]
[Site "Tsetserleg"]
[Date "2018.05.19"]
[Round "1"]
[White "Erdene, Ganzorig"]
[Black "Baasansuren, Erdene"]
[Result "1/2-1/2"]
[WhiteElo "2299"]
[BlackElo "2244"]
[PlyCount "120"]
[EventDate "2018.05.19"]
[EventType "tourn"]
[EventRounds "11"]
[EventCountry "MGL"]
[EventCategory "2"]
[SourceTitle "EXT 2019"]
[Source "ChessBase"]
[SourceDate "2018.10.10"]
[SourceVersion "1"]
[SourceVersionDate "2018.10.10"]
[SourceQuality "1"]

1. e4 c5 2. Nf3 d6 3. Bb5+ Bd7 4. Bxd7+ Qxd7 5. 0-0 Nc6 6. Qe2 Nf6 7. c3 e6 8. d4 cxd4 9. cxd4 d5 10. e5 Ne4 11. Nbd2 Nxd2 12. Qxd2 Be7 13. Qf4 0-0 14. Qg4 Rfc8 15. Bh6 Bf8 16. h4 Ne7 17. h5 Nf5 18. Bd2 h6 19. Qf4 Be7 20. Bc3 b5 21. Qd2 Qd8 22. Ba5 Qf8 23. Rac1 Bd8 24. Rfd1 Bxa5 25. Qxa5 a6 26. b3 Ne7 27. Rxc8 Qxc8 28. Qa3 Qb7 29. Rc1 b4 30. Qa5 Qb5 31. Qxb5 axb5 32. Rc7 Kf8 33. Rb7 Nc6 34. Rb6 Nd8 35. Rxb5 Rxa2 36. Rxb4 Ra1+ 37. Kh2 Rb1 38. Rb6 Ke7 39. g4 Kd7 40. Kg3 Kc7 41. Rb5 Nc6 42. Kf4 Rc1 43. Rc5 Rxc5 44. dxc5 Nb4 45. Ke3 Kc6 46. Nd4+ Kxc5 47. f4 Na6 48. f5 Nc7 49. f6 gxf6 50. exf6 Kd6 51. g5 Ne8 52. gxh6 Nxf6 53. Kf4 e5+ 54. Kf5 exd4 55. Kxf6 d3 56. h7 d2 57. h8Q d1Q 58. Qb8+ Kc5 59. Qe5 Qxb3 60. Qc7+ Kd4 1/2-1/2

[Event "MGL-ch 55th"]
[Site "Ulaanbaatar"]
[Date "2015.04.19"]
[Round "3"]
[White "Erdene, Ganzorig"]
[Black "Agibileg, Uurtsaikh"]
[Result "1-0"]
[WhiteElo "2286"]
[BlackElo "2123"]
[PlyCount "95"]
[EventDate "2015.04.18"]
[EventType "tourn"]
[EventRounds "13"]
[EventCountry "MGL"]
[EventCategory "3"]
[SourceTitle "CBM 166 Extra"]
[Source "ChessBase"]
[SourceDate "2015.06.18"]
[SourceVersion "1"]
[SourceVersionDate "2015.06.18"]
[SourceQuality "1"]

1. d4 Nf6 2. c4 g6 3. Nc3 Bg7 4. e4 d6 5. Nf3 0-0 6. Be2 e5 7. 0-0 Nc6 8. d5 Ne7 9. Ne1 Nd7 10. Be3 f5 11. f3 f4 12. Bf2 h5 13. Nd3 g5 14. c5 Nf6 15. Rc1 Ng6 16. cxd6 cxd6 17. Nb5 Rf7 18. Rc4 g4 19. Qc2 Ne8 20. Rc1 Bd7 21. Nc7 Nxc7 22. Rxc7 g3 23. hxg3 fxg3 24. Bxg3 Qg5 25. Bf2 Bh3 26. Bf1 Rxc7 27. Qxc7 Rc8 28. Qxc8+ Bxc8 29. Rxc8+ Bf8 30. Rc7 a5 31. Rxb7 Qd2 32. Rb6 Be7 33. a4 Qd1 34. b4 axb4 35. a5 Qa1 36. a6 Kg7 37. Ne1 Qa2 38. Rxb4 h4 39. Rb7 Kh6 40. a7 h3 41. Nd3 Bh4 42. g3 Nf4 43. Rb2 Qa1 44. gxf4 Kh5 45. fxe5 dxe5 46. a8Q Qxa8 47. Bxh3 Bxf2+ 48. Rxf2 1-0

[Event "MGL-ch 52nd"]
[Site "Arvaikheer"]
[Date "2012.04.08"]
[Round "12"]
[White "Erdene, Ganzorig"]
[Black "Gundavaa, Bayarsaihan"]
[Result "0-1"]
[WhiteElo "2316"]
[BlackElo "2502"]
[PlyCount "44"]
[EventDate "2012.04.01"]
[EventType "tourn"]
[EventRounds "15"]
[EventCountry "MGL"]
[EventCategory "3"]
[SourceTitle "EXT 2013"]
[Source "ChessBase"]
[SourceDate "2012.11.22"]
[SourceVersion "1"]
[SourceVersionDate "2012.11.22"]
[SourceQuality "1"]

1. d4 g6 2. c4 Bg7 3. Nc3 c5 4. d5 Bxc3+ 5. bxc3 f5 6. h4 Nf6 7. h5 Rg8 8. hxg6 hxg6 9. Qa4 Qb6 10. Nh3 Ne4 11. f3 Qf6 12. Qb3 Qh4+ 13. Kd1 Ng3 14. Rg1 g5 15. Be3 d6 16. Bf2 Nd7 17. e3 Ne5 18. Rh1 g4 19. f4 gxh3 20. fxe5 Qh5+ 21. Ke1 hxg2 22. Bxg2 Qe2# 0-1

[Event "MGL-ch 52nd"]
[Site "Arvaikheer"]
[Date "2012.04.05"]
[Round "8"]
[White "Ulziibayar, Boldbaatar"]
[Black "Erdene, Ganzorig"]
[Result "1/2-1/2"]
[WhiteElo "2221"]
[BlackElo "2316"]
[PlyCount "60"]
[EventDate "2012.04.01"]
[EventType "tourn"]
[EventRounds "15"]
[EventCountry "MGL"]
[EventCategory "3"]
[SourceTitle "EXT 2013"]
[Source "ChessBase"]
[SourceDate "2012.11.22"]
[SourceVersion "1"]
[SourceVersionDate "2012.11.22"]
[SourceQuality "1"]

1. c4 Nf6 2. Nc3 c5 3. g3 g6 4. Nf3 Bg7 5. Bg2 0-0 6. 0-0 d6 7. d4 Nc6 8. dxc5 dxc5 9. Be3 Qa5 10. Qa4 Qxa4 11. Nxa4 b6 12. Nc3 Bb7 13. Ne5 Na5 14. Bxb7 Nxb7 15. Rad1 Nd6 16. b3 Rfc8 17. Bd2 Nfe4 18. Nxe4 Bxe5 19. Nxd6 Bxd6 20. Bc3 Rd8 21. Rd3 Bc7 22. Rfd1 Rxd3 23. Rxd3 Rd8 24. Kg2 f6 25. Rxd8+ Bxd8 26. Kf3 Kf7 27. Ke4 e6 28. g4 Bc7 29. h3 f5+ 30. gxf5 gxf5+ 1/2-1/2

[Event "Ulaanbaatar Monchess"]
[Site "Ulaanbaatar"]
[Date "2011.12.21"]
[Round "3"]
[White "Gunbayar, Myagmarsuren"]
[Black "Erdene, Ganzorig"]
[Result "1-0"]
[WhiteElo "2334"]
[BlackElo "2320"]
[PlyCount "71"]
[EventDate "2011.12.20"]
[EventType "tourn"]
[EventRounds "10"]
[EventCountry "MGL"]
[EventCategory "5"]
[SourceTitle "EXT 2013"]
[Source "ChessBase"]
[SourceDate "2012.11.22"]
[SourceVersion "1"]
[SourceVersionDate "2012.11.22"]
[SourceQuality "1"]

1. e4 c6 2. d4 d5 3. Nd2 dxe4 4. Nxe4 Bf5 5. Ng3 Bg6 6. Nf3 Nd7 7. Bd3 e6 8. Bxg6 hxg6 9. Bf4 Qa5+ 10. Bd2 Bb4 11. a3 Bxd2+ 12. Qxd2 Qxd2+ 13. Kxd2 Ngf6 14. b4 Nh5 15. Ne4 0-0 16. Rhe1 a5 17. c3 axb4 18. axb4 Nhf6 19. Nd6 b6 20. Ne5 Nxe5 21. dxe5 Nd5 22. g3 Rfd8 23. Kc2 f6 24. f4 g5 25. Rxa8 Rxa8 26. exf6 gxf6 27. Rxe6 Ra2+ 28. Kb3 Rxh2 29. fxg5 fxg5 30. Ne4 c5 31. bxc5 bxc5 32. Nxg5 Rg2 33. Ne4 Ne3 34. Nf6+ Kf7 35. Rxe3 Kxf6 36. Kc4 1-0

[Event "Ulaanbaatar Monchess"]
[Site "Ulaanbaatar"]
[Date "2011.12.20"]
[Round "1"]
[White "Erdene, Ganzorig"]
[Black "Batchuluun, Tsegmed"]
[Result "0-1"]
[WhiteElo "2320"]
[BlackElo "2446"]
[PlyCount "120"]
[EventDate "2011.12.20"]
[EventType "tourn"]
[EventRounds "10"]
[EventCountry "MGL"]
[EventCategory "5"]
[SourceTitle "EXT 2013"]
[Source "ChessBase"]
[SourceDate "2012.11.22"]
[SourceVersion "1"]
[SourceVersionDate "2012.11.22"]
[SourceQuality "1"]

1. d4 d5 2. c4 c6 3. Nc3 Nf6 4. Nf3 dxc4 5. a4 Bf5 6. e3 e6 7. Bxc4 Bb4 8. 0-0 Nbd7 9. Qe2 Bg6 10. e4 0-0 11. e5 Nd5 12. Nxd5 cxd5 13. Bd3 a6 14. Bxg6 hxg6 15. h4 Rc8 16. Bg5 Qb6 17. Rfc1 Rc6 18. Rxc6 bxc6 19. Be3 c5 20. a5 Bxa5 21. dxc5 Nxc5 22. Bxc5 Qxc5 23. Qxa6 Bb6 24. Qe2 Rc8 25. Ng5 Bd8 26. Nf3 Be7 27. g3 Rb8 28. Ne1 Qd4 29. Nd3 Rb3 30. Rd1 Qe4 31. Qc2 Qc4 32. Qe2 Bc5 33. Rc1 Bxf2+ 34. Kxf2 Qxd3 35. Qxd3 Rxd3 36. Rc8+ Kh7 37. Rc7 Rb3 38. Rxf7 Rxb2+ 39. Kf3 Rb3+ 40. Kf2 g5 41. hxg5 Kg6 42. Re7 Kf5 43. Rxg7 Kxe5 44. Re7 Rb8 45. Kf3 Kf5 46. g4+ Ke5 47. Kg3 Rg8 48. Kh4 Rh8+ 49. Kg3 d4 50. g6 Rg8 51. g7 Kf6 52. Rd7 e5 53. Kf3 Rxg7 54. Rd8 Ke6 55. Re8+ Kd5 56. Rd8+ Kc4 57. Ke4 Rxg4+ 58. Kxe5 Kd3 59. Kd5 Rg5+ 60. Kc6 Kc3 0-1

[Event "MGL-ch"]
[Site "Ulaanbaatar"]
[Date "2011.04.02"]
[Round "14"]
[White "Erdene, Ganzorig"]
[Black "Gan Od, Sereenen"]
[Result "1/2-1/2"]
[WhiteElo "2342"]
[BlackElo "2265"]
[PlyCount "147"]
[EventDate "2011.03.25"]
[EventType "tourn"]
[EventRounds "15"]
[EventCountry "MGL"]
[EventCategory "3"]
[SourceTitle "CBM 141 Extra"]
[Source "ChessBase"]
[SourceDate "2011.05.03"]
[SourceVersion "1"]
[SourceVersionDate "2011.05.03"]
[SourceQuality "1"]

1. d4 d5 2. c4 c6 3. Nc3 Nf6 4. Nf3 dxc4 5. a4 Bf5 6. e3 e6 7. Bxc4 Bb4 8. 0-0 Nbd7 9. Qe2 Bg6 10. e4 0-0 11. e5 Nd5 12. Nxd5 cxd5 13. Bd3 Be7 14. a5 Rc8 15. Bd2 Nb8 16. Bxg6 fxg6 17. Qb5 Qd7 18. Qxd7 Nxd7 19. Rfc1 h6 20. Ne1 Nb8 21. Nd3 Nc6 22. Bc3 Kf7 23. Kf1 a6 24. Ke2 Ke8 25. Ke3 Kd7 26. Bd2 Rc7 27. Nc5+ Bxc5 28. Rxc5 Rfc8 29. Rac1 Kd8 30. f4 Kd7 31. g3 h5 32. Kd3 Ne7 33. Bb4 Rxc5 34. Bxc5 Nc6 35. Ra1 Rh8 36. b4 Ra8 37. Rg1 Rh8 38. Ke3 Ne7 39. Bxe7 Kxe7 40. Rc1 Kd7 41. Kd3 h4 42. g4 Rf8 43. Ke3 Rb8 44. f5 gxf5 45. gxf5 exf5 46. Kf4 g5+ 47. Kxg5 Rg8+ 48. Kxf5 Rg2 49. Rc5 Rf2+ 50. Kg5 Ke6 51. b5 Rg2+ 52. Kf4 Rf2+ 53. Ke3 Rxh2 54. bxa6 bxa6 55. Rc6+ Kf5 56. Rxa6 Ra2 57. Rh6 h3 58. a6 Kg5 59. Rh8 Rxa6 60. Rg8+ Kf5 61. Rf8+ Kg6 62. Rh8 Ra3+ 63. Kf4 Rd3 64. e6 Rxd4+ 65. Ke5 Re4+ 66. Kxd5 Re3 67. Kd6 Kf6 68. Rh6+ Kg5 69. Rh8 Kg4 70. e7 Kg3 71. e8Q Rxe8 72. Rxe8 h2 73. Rh8 Kg2 74. Rxh2+ 1/2-1/2

[Event "MGL-ch"]
[Site "Ulaanbaatar"]
[Date "2011.03.31"]
[Round "9"]
[White "Munkhgal, Gombosuren"]
[Black "Erdene, Ganzorig"]
[Result "0-1"]
[WhiteElo "2318"]
[BlackElo "2342"]
[PlyCount "80"]
[EventDate "2011.03.25"]
[EventType "tourn"]
[EventRounds "15"]
[EventCountry "MGL"]
[EventCategory "3"]
[SourceTitle "CBM 141 Extra"]
[Source "ChessBase"]
[SourceDate "2011.05.03"]
[SourceVersion "1"]
[SourceVersionDate "2011.05.03"]
[SourceQuality "1"]

1. d4 Nf6 2. c4 g6 3. Nc3 d5 4. Bg5 Ne4 5. Bh4 Nxc3 6. bxc3 dxc4 7. e3 Be6 8. Qb1 Nd7 9. Qxb7 Nb6 10. Qa6 Bg7 11. a4 0-0 12. Qa5 Rc8 13. Nf3 c5 14. Be2 cxd4 15. cxd4 Nd5 16. Qxd8 Rfxd8 17. Rc1 c3 18. 0-0 h6 19. Ba6 g5 20. Bg3 Nb4 21. Bxc8 Rxc8 22. Ne1 a5 23. Nc2 Bb3 24. Na3 Bxa4 25. f3 Nd3 26. Rc2 e5 27. dxe5 Bf8 28. Ra2 Bb3 29. Raa1 Bxa3 30. Rxa3 a4 31. Be1 c2 32. Bd2 c1Q 33. Bxc1 Nxc1 34. f4 gxf4 35. exf4 Ne2+ 36. Kf2 Nxf4 37. Kf3 Ng6 38. Re1 Rc5 39. e6 fxe6 40. Raa1 Bd5+ 0-1

[Event "MGL-ch"]
[Site "Ulaanbaatar"]
[Date "2011.03.29"]
[Round "7"]
[White "Gunbayar, Myagmarsuren"]
[Black "Erdene, Ganzorig"]
[Result "1-0"]
[WhiteElo "2265"]
[BlackElo "2342"]
[PlyCount "79"]
[EventDate "2011.03.25"]
[EventType "tourn"]
[EventRounds "15"]
[EventCountry "MGL"]
[EventCategory "3"]
[SourceTitle "CBM 141 Extra"]
[Source "ChessBase"]
[SourceDate "2011.05.03"]
[SourceVersion "1"]
[SourceVersionDate "2011.05.03"]
[SourceQuality "1"]

1. e4 c6 2. d4 d5 3. f3 dxe4 4. fxe4 e5 5. Nf3 Be6 6. dxe5 Qxd1+ 7. Kxd1 Nd7 8. Bf4 Ne7 9. Nbd2 Ng6 10. Bg3 h5 11. h4 0-0-0 12. c3 Bc5 13. Kc2 Rhe8 14. Bc4 Bxc4 15. Nxc4 f6 16. b4 Bf8 17. Rhf1 fxe5 18. Rad1 Nf6 19. Rxd8+ Kxd8 20. Nfxe5 Nxe5 21. Bxe5 Nd7 22. Rf5 g6 23. Bf6+ Kc7 24. Rf4 Bd6 25. e5 Bf8 26. g4 b5 27. Nd2 Nxf6 28. Rxf6 hxg4 29. Rxg6 Rxe5 30. Rxg4 Re2 31. Kd3 Rh2 32. Nf3 Rxa2 33. h5 a5 34. bxa5 Rxa5 35. Rg8 Bh6 36. Rh8 Bc1 37. Kc2 Bf4 38. h6 b4 39. h7 Rh5 40. Ra8 1-0

[Event "WUCC op 11th"]
[Site "Zuerich"]
[Date "2010.09.10"]
[Round "8"]
[White "Erdene, Ganzorig"]
[Black "Kukov, Velislav"]
[Result "1-0"]
[WhiteElo "2330"]
[BlackElo "2395"]
[PlyCount "195"]
[EventDate "2010.09.05"]
[EventType "swiss"]
[EventRounds "9"]
[EventCountry "SUI"]
[SourceTitle "CBM 138 Extra"]
[Source "ChessBase"]
[SourceDate "2010.10.29"]
[SourceVersion "1"]
[SourceVersionDate "2010.10.29"]
[SourceQuality "1"]

1. d4 Nf6 2. Nf3 e6 3. c4 Nc6 4. Bg5 Bb4+ 5. Nbd2 a6 6. Bxf6 Qxf6 7. a3 Bxd2+ 8. Qxd2 d6 9. e3 e5 10. d5 Nb8 11. Bd3 a5 12. 0-0 0-0 13. Qc3 Nd7 14. Nd2 a4 15. Rae1 Re8 16. Bc2 b6 17. Ne4 Qe7 18. f4 Nc5 19. Ng3 Bd7 20. Bb1 e4 21. f5 Qe5 22. Qd2 b5 23. Rf4 bxc4 24. Nxe4 Nd3 25. Bxd3 cxd3 26. Qxd3 Bxf5 27. Nf6+ Qxf6 28. Qxf5 Qxf5 29. Rxf5 Rab8 30. Re2 Rb3 31. Kf2 Re4 32. Kf3 Rc4 33. Rf4 Rxf4+ 34. Kxf4 Kf8 35. h3 Ke7 36. Rc2 Kd7 37. Ke4 g6 38. Kd4 f5 39. Rf2 Rb8 40. Rc2 h5 41. h4 Rb3 42. g3 Rb8 43. Rf2 Re8 44. Kd3 Re5 45. Kd4 Re4+ 46. Kd3 c6 47. dxc6+ Kxc6 48. Rf4 Kc5 49. Rf2 Rg4 50. Rf3 Re4 51. Rf2 d5 52. Rf4 Kd6 53. Rf2 Rg4 54. Rf4 Rxg3 55. Rxa4 Ke5 56. Rb4 Rg4 57. Rb6 Rg3 58. Rb4 Rg4 59. Rd4 Rxd4+ 60. exd4+ Kd6 61. Ke3 Kc6 62. a4 Kb6 63. b4 Ka6 64. Kf4 Kb6 65. Ke5 Ka6 66. Kxd5 g5 67. hxg5 h4 68. g6 h3 69. g7 h2 70. g8Q h1Q+ 71. Kc5 f4 72. b5+ Ka5 73. b6 Qe4 74. Qf7 Qc2+ 75. Qc4 Qf5+ 76. Qd5 Qc2+ 77. Kd6+ Kxb6 78. Qb5+ Ka7 79. Qa5+ Kb7 80. Qd5+ Ka7 81. Qf7+ Kb6 82. a5+ Kxa5 83. Qxf4 Kb6 84. Qf6 Qc7+ 85. Kd5+ Kb5 86. Ke4 Qc2+ 87. Ke5 Qh2+ 88. Ke6 Kc4 89. d5 Qe2+ 90. Kd6 Qh2+ 91. Kc6 Qb8 92. Qf1+ Kd4 93. Qf2+ Ke4 94. Qc2+ Kf4 95. Qc5 Ke4 96. Qe7+ Kd4 97. d6 Qa8+ 98. Qb7 1-0

[Event "WUCC op 11th"]
[Site "Zuerich"]
[Date "2010.09.05"]
[Round "1"]
[White "Erdene, Ganzorig"]
[Black "Megaranto, Susanto"]
[Result "0-1"]
[WhiteElo "2330"]
[BlackElo "2516"]
[PlyCount "60"]
[EventDate "2010.09.05"]
[EventType "swiss"]
[EventRounds "9"]
[EventCountry "SUI"]
[SourceTitle "CBM 138 Extra"]
[Source "ChessBase"]
[SourceDate "2010.10.29"]
[SourceVersion "1"]
[SourceVersionDate "2010.10.29"]
[SourceQuality "1"]

1. e4 c6 2. d4 d5 3. e5 c5 4. Nf3 cxd4 5. Qxd4 Nc6 6. Bb5 e6 7. 0-0 Nge7 8. c4 Bd7 9. Qg4 a6 10. Ba4 dxc4 11. Bc2 Nb4 12. Be4 Bc6 13. Nc3 Qc7 14. Rd1 Ned5 15. Bg5 Nxc3 16. Bxc6+ Qxc6 17. bxc3 Nd3 18. Bh4 h6 19. Rab1 g5 20. Bg3 0-0-0 21. Nd2 h5 22. Qxg5 h4 23. Bxh4 Bc5 24. Nf3 Rdg8 25. Qf6 Rxh4 26. Rxd3 Rhg4 27. Rd2 Rxg2+ 28. Kf1 Rg1+ 29. Nxg1 Qg2+ 30. Ke1 Qe4+ 0-1

[Event "MGL-ch"]
[Site "Ulaanbaatar"]
[Date "2010.04.10"]
[Round "13"]
[White "Erdene, Ganzorig"]
[Black "Nasanjargal, Urtnasan"]
[Result "0-1"]
[WhiteElo "2285"]
[BlackElo "2163"]
[PlyCount "105"]
[EventDate "2010.04.03"]
[EventType "tourn"]
[EventRounds "15"]
[EventCountry "MGL"]
[EventCategory "2"]
[SourceTitle "EXT 2011"]
[Source "ChessBase"]
[SourceDate "2010.11.26"]
[SourceVersion "1"]
[SourceVersionDate "2010.11.26"]
[SourceQuality "1"]

1. d4 d5 2. c4 c6 3. Nc3 Nf6 4. Nf3 e6 5. e3 Nbd7 6. Qc2 Bd6 7. Bd2 0-0 8. Be2 dxc4 9. Bxc4 c5 10. 0-0 a6 11. a4 cxd4 12. exd4 Qc7 13. Qb3 b6 14. h3 Bb7 15. Be2 Rac8 16. Rac1 Qb8 17. Rfe1 h6 18. Ne5 Nxe5 19. dxe5 Bxe5 20. Be3 Nd7 21. Qb4 Bd6 22. Qh4 Ne5 23. Rcd1 Bc5 24. Bc1 Ng6 25. Qg4 Kh8 26. Bf1 Ne5 27. Qe2 Ng6 28. Ne4 Bb4 29. Bd2 Rc2 30. b3 Rd8 31. Qe3 Bxd2 32. Rxd2 Rdxd2 33. Nxd2 Qf4 34. Nc4 Qxe3 35. fxe3 b5 36. axb5 axb5 37. Na5 Be4 38. Bxb5 Rd2 39. Re2 Rd1+ 40. Kh2 h5 41. Bc6 Bd3 42. Rb2 Ne5 43. b4 Ra1 44. Be8 Kg8 45. Nc6 Nc4 46. Rb3 Be4 47. Rc3 Nd6 48. Bd7 Ra2 49. Kg1 Rxg2+ 50. Kf1 Rb2 51. Ke1 Bf5 52. Kf1 Ne4 53. Ra3 0-1